00657nam a2200181 i 450000100060000000300090000600500170001500700030003200800410003510000270007624500970010326000450020030000220024570000380026785200320030599900170033795201210035481677ES-MaACL20230906174504.0t|041105s1957 sp ||||1| spa d1 aHulme, Kathryn.96469710aHistoria de una monja / cKathryn Hulme ; [versión española de Rafael Santos Torroella]. aBarcelona : bExito, c[1957] (fDuplex) a360 p. ; c20 cm.1 aSantos Torroella, Rafael.9103536 aES-MaACLjC-14650 bR.41197 c81677d81677 00104070aATENEOMbATENEOMcFICHd2008-01-17eSCl0oC-14650p1085373r2023-02-23 00:00:00w2023-02-23yMONOGRAFIA